[Event "BCF-chT 2324 (4NCL)"]
[Site "England"]
[Date "2024.01.13"]
[Round "3.3"]
[White "Harvey, Marcus Ross"]
[Black "Berry, Neil"]
[Result "1-0"]
[WhiteElo "2464"]
[BlackElo "2257"]
[PlyCount "133"]
[EventDate "2023.11.11"]
[EventType "team-tourn"]
[EventRounds "11"]
[EventCountry "ENG"]
[SourceTitle "CB11_2024"]
[SourceDate "2024.03.13"]
[SourceVersion "1"]
[SourceVersionDate "2024.03.13"]
[SourceQuality "1"]
[WhiteTeam "Wood Green"]
[BlackTeam "Alba"]
[WhiteTeamCountry "ENG"]
[BlackTeamCountry "ENG"]

1. c4 e6 2. Nf3 d5 3. b3 Nf6 4. Bb2 c5 5. cxd5 exd5 6. e3 Nc6 7. d4 cxd4 8. Nxd4 Bd6 9. Be2 0-0 10. Nd2 Re8 11. 0-0 Ne4 12. Nxe4 Nxd4 13. Qxd4 Be5 14. Qd2 Bxb2 15. Rad1 Rxe4 16. Qxb2 Be6 17. Bf3 Rb4 18. Qe5 Qe8 19. Qc3 a5 20. Bxd5 Rc8 21. Qb2 Rb5 22. Bxe6 Qxe6 23. Rc1 h5 24. Rfd1 Rg5 25. Rxc8+ Qxc8 26. Qd4 Qc2 27. Qd8+ Kh7 28. Qd3+ Qxd3 29. Rxd3 Rc5 30. g3 b5 31. Rd2 Kg6 32. Kg2 b4 33. Kf3 Kf5 34. h3 g6 35. Ke2 Ke5 36. Kd1 Ke4 37. Ke2 Ke5 38. Kf3 f6 39. Ke2 Rc1 40. g4 hxg4 41. hxg4 g5 42. Kf3 Rc3 43. Kg3 Ke6 44. Kg2 Ke5 45. Kf3 Rc1 46. Ke2 Rc3 47. Rb2 Rc1 48. Kd2 Rg1 49. Rc2 Kd5 50. Ke2 Rb1 51. f4 gxf4 52. exf4 Ke4 53. Rc4+ Kd5 54. Ke3 Re1+ 55. Kf3 Rf1+ 56. Kg2 Ra1 57. Rc2 Ke4 58. g5 fxg5 59. fxg5 Rd1 60. Kg3 Kf5 61. Rc5+ Kg6 62. Rxa5 Rd2 63. Kf4 Rf2+ 64. Ke3 Rg2 65. Kd4 Rg4+ 66. Kc5 Kxg5 67. Rb5 1-0

[Event "Newcastle Northumbria Masters IM"]
[Site "Newcastle on Tyne"]
[Date "2023.08.28"]
[Round "9"]
[White "Berry, Neil"]
[Black "Large, Peter G"]
[Result "1/2-1/2"]
[WhiteElo "2273"]
[BlackElo "2286"]
[PlyCount "79"]
[EventDate "2023.08.24"]
[EventType "schev"]
[EventRounds "9"]
[EventCountry "ENG"]
[SourceTitle "EXT 2024"]
[Source "ChessBase"]
[SourceDate "2023.10.10"]
[SourceVersion "1"]
[SourceVersionDate "2023.10.10"]
[SourceQuality "1"]

1. d4 Nf6 2. c4 e6 3. g3 d5 4. Bg2 dxc4 5. Nf3 Nc6 6. Qa4 Bb4+ 7. Bd2 Nd5 8. Qc2 Nb6 9. Bxb4 Nxb4 10. Qc3 Qe7 11. 0-0 0-0 12. Na3 N6d5 13. Qc1 c5 14. dxc5 Qxc5 15. Nxc4 b5 16. Nce5 Qb6 17. a3 Na6 18. b4 f6 19. Nd3 Bb7 20. Qb2 Rac8 21. Rac1 Rxc1 22. Rxc1 Rc8 23. Rxc8+ Bxc8 24. Nd4 Nac7 25. e3 e5 26. Qb3 exd4 27. Bxd5+ Kf8 28. exd4 Qxd4 29. Bg8 Be6 30. Bxe6 Nxe6 31. Qxe6 Qxd3 32. Qc8+ Kf7 33. Qb7+ Kg6 34. Qxa7 Qd1+ 35. Kg2 Qd5+ 36. f3 Qa2+ 37. Kg1 Qb1+ 38. Kg2 Qa2+ 39. Kg1 Qb1+ 40. Kg2 1/2-1/2

[Event "Newcastle Northumbria Masters IM"]
[Site "Newcastle on Tyne"]
[Date "2023.08.26"]
[Round "5"]
[White "Gordon, Frederick"]
[Black "Berry, Neil"]
[Result "1/2-1/2"]
[WhiteElo "2253"]
[BlackElo "2273"]
[PlyCount "68"]
[EventDate "2023.08.24"]
[EventType "schev"]
[EventRounds "9"]
[EventCountry "ENG"]
[SourceTitle "EXT 2024"]
[Source "ChessBase"]
[SourceDate "2023.10.10"]
[SourceVersion "1"]
[SourceVersionDate "2023.10.10"]
[SourceQuality "1"]

1. d4 d5 2. c4 e6 3. Nf3 Nf6 4. g3 dxc4 5. Bg2 c5 6. 0-0 Nc6 7. Ne5 Nd5 8. Na3 Nxd4 9. Naxc4 Qc7 10. e3 Nc6 11. Nxc6 Qxc6 12. e4 Nb6 13. Bg5 Qd7 14. Nxb6 axb6 15. Qh5 Qc7 16. Rfd1 Be7 17. Bf4 Qc6 18. Bd6 Bxd6 19. e5 Qc7 20. exd6 Qd7 21. b4 0-0 22. bxc5 Ra5 23. Rac1 Qa4 24. Rd2 Bd7 25. Bxb7 Qa3 26. Rdc2 bxc5 27. Qg5 f6 28. Qd2 Rb8 29. Bg2 Rb4 30. Rc3 Qxa2 31. R3c2 Qa3 32. Rc3 Qa2 33. R3c2 Qa3 34. Rc3 Qa2 1/2-1/2

[Event "Newcastle Northumbria Masters IM"]
[Site "Newcastle on Tyne"]
[Date "2023.08.24"]
[Round "2"]
[White "Stoyanov, Viktor"]
[Black "Berry, Neil"]
[Result "1-0"]
[WhiteElo "2290"]
[BlackElo "2273"]
[PlyCount "71"]
[EventDate "2023.08.24"]
[EventType "schev"]
[EventRounds "9"]
[EventCountry "ENG"]
[SourceTitle "EXT 2024"]
[Source "ChessBase"]
[SourceDate "2023.10.10"]
[SourceVersion "1"]
[SourceVersionDate "2023.10.10"]
[SourceQuality "1"]

1. Nf3 d5 2. e3 Nf6 3. c4 e6 4. Nc3 c6 5. b3 Bd6 6. Bb2 e5 7. cxd5 cxd5 8. Nb5 Nc6 9. Nxd6+ Qxd6 10. Bb5 d4 11. exd4 e4 12. Ne5 0-0 13. Bxc6 bxc6 14. Qc1 Ba6 15. Qxc6 Qxc6 16. Nxc6 Nd5 17. Ba3 Rfc8 18. Nb4 Nxb4 19. Bxb4 f5 20. Bc5 Kf7 21. 0-0-0 Bd3 22. Kb2 a5 23. Rc1 a4 24. Rc3 axb3 25. Rxb3 Rc7 26. Rc1 Ra6 27. Rb8 Rh6 28. h3 Ra6 29. Kb3 Rg6 30. g3 Ba6 31. d5 Bc8 32. Rc3 Ra6 33. Bb4 Rxc3+ 34. dxc3 Bd7 35. Rf8+ Kg6 36. c4 1-0

[Event "Newcastle EJCOA 4th"]
[Site "Newcastle on Tyne"]
[Date "2022.10.25"]
[Round "3"]
[White "Mannion, Stephen R"]
[Black "Berry, Neil"]
[Result "1/2-1/2"]
[WhiteElo "2237"]
[BlackElo "2240"]
[PlyCount "41"]
[EventDate "2022.10.24"]
[EventType "tourn"]
[EventRounds "9"]
[EventCountry "ENG"]
[EventCategory "3"]
[SourceTitle "EXT 2024"]
[Source "ChessBase"]
[SourceDate "2023.10.10"]
[SourceVersion "1"]
[SourceVersionDate "2023.10.10"]
[SourceQuality "1"]

1. e4 e5 2. Nf3 Nc6 3. Bc4 Bc5 4. c3 Nf6 5. d4 exd4 6. e5 d5 7. Bb5 Ne4 8. cxd4 Bb6 9. Nc3 0-0 10. Be3 Bg4 11. h3 Bh5 12. Qc2 Ba5 13. 0-0 Bxf3 14. gxf3 Ng5 15. Kg2 Bxc3 16. bxc3 Ne6 17. Bd3 Qh4 18. Rh1 Ne7 19. Rag1 f5 20. Kf1 b6 21. Qc1 1/2-1/2

[Event "BCF-chT2 2223 (4NCL)"]
[Site "England"]
[Date "2022.10.22"]
[Round "1.42"]
[White "Wilks, Simon"]
[Black "Berry, Neil"]
[Result "0-1"]
[WhiteElo "2213"]
[BlackElo "2252"]
[PlyCount "94"]
[EventDate "2022.10.22"]
[EventType "team-tourn"]
[EventRounds "11"]
[EventCountry "ENG"]
[SourceTitle "EXT 2024"]
[Source "ChessBase"]
[SourceDate "2023.10.10"]
[SourceVersion "1"]
[SourceVersionDate "2023.10.10"]
[SourceQuality "1"]
[WhiteTeam "Schach Attack"]
[BlackTeam "Alba"]
[WhiteTeamCountry "ENG"]
[BlackTeamCountry "ENG"]

1. e4 e5 2. Nf3 Nc6 3. Bb5 a6 4. Ba4 Nf6 5. 0-0 Nxe4 6. d4 b5 7. Bb3 d5 8. dxe5 Be6 9. Qe2 Be7 10. Rd1 0-0 11. Be3 Na5 12. c3 Nxb3 13. axb3 c5 14. c4 Qd7 15. Nc3 Nxc3 16. bxc3 Qc6 17. cxb5 axb5 18. h3 h6 19. Qb2 Bf5 20. b4 Be4 21. Nd2 Bxg2 22. Kxg2 d4+ 23. Kh2 dxe3 24. fxe3 Qd5 25. c4 bxc4 26. b5 Qd3 27. Nf1 Qb3 28. Qg2 Rxa1 29. Rxa1 Qc3 30. Rb1 Qxe5+ 31. Kh1 Bd6 32. b6 c3 33. b7 Rb8 34. Qc2 Rxb7 35. Rxb7 Qd5+ 36. Kg1 Qxb7 37. Qxc3 Qe4 38. Qd2 Qe5 39. Qd3 g6 40. Kg2 h5 41. Kf3 Qe6 42. Ke2 c4 43. Qd4 Be5 44. Qc5 c3 45. e4 Qa2+ 46. Kf3 Qb1 47. Ne3 Qh1+ 0-1

[Event "SCO-ch op 127th"]
[Site "Edinburgh"]
[Date "2022.07.10"]
[Round "9"]
[White "Orr, Mark JL"]
[Black "Berry, Neil"]
[Result "1/2-1/2"]
[WhiteElo "2080"]
[BlackElo "2275"]
[PlyCount "29"]
[EventDate "2022.07.02"]
[EventType "swiss"]
[EventRounds "9"]
[EventCountry "SCO"]
[SourceTitle "CBM 209 Extra"]
[Source "ChessBase"]
[SourceDate "2022.09.30"]
[SourceVersion "1"]
[SourceVersionDate "2022.09.30"]
[SourceQuality "1"]

1. c4 e6 2. Nc3 d5 3. d4 Be7 4. Nf3 Nf6 5. Bg5 h6 6. Bxf6 Bxf6 7. e3 0-0 8. Rc1 dxc4 9. Bxc4 Nd7 10. 0-0 c5 11. Ne4 cxd4 12. Nxf6+ Nxf6 13. Qxd4 Qxd4 14. Nxd4 Bd7 15. Rfd1 1/2-1/2

[Event "BCF-chT 2122 (4NCL)"]
[Site "England"]
[Date "2022.04.30"]
[Round "7.35"]
[White "Davies, Nigel Rodney"]
[Black "Berry, Neil"]
[Result "0-1"]
[WhiteElo "2462"]
[BlackElo "2267"]
[PlyCount "88"]
[EventDate "2021.11.27"]
[EventType "team-swiss"]
[EventRounds "11"]
[EventCountry "ENG"]
[SourceTitle "EXT 2023"]
[Source "ChessBase"]
[SourceDate "2022.10.05"]
[SourceVersion "1"]
[SourceVersionDate "2022.10.05"]
[SourceQuality "1"]
[WhiteTeam "Guildford Young Guns"]
[BlackTeam "Alba"]
[WhiteTeamCountry "ENG"]
[BlackTeamCountry "ENG"]

1. Nf3 d5 2. g3 Nf6 3. Bg2 e6 4. 0-0 Be7 5. d3 0-0 6. Nbd2 Nc6 7. c3 e5 8. Qc2 a5 9. e4 dxe4 10. dxe4 Be6 11. Ng5 Bd7 12. Nc4 Bc5 13. h3 h6 14. Nf3 Qe7 15. Nh4 Rfd8 16. Nf5 Qf8 17. Kh2 Be6 18. Qe2 Rd7 19. Nce3 Rad8 20. f4 exf4 21. gxf4 g6 22. Ng3 h5 23. e5 h4 24. Ne4 Nxe4 25. Bxe4 Qg7 26. Ng2 Ne7 27. b4 axb4 28. cxb4 Bd4 29. Rb1 Nf5 30. Bxf5 Bxf5 31. Rb3 Bb6 32. Qe1 Bd3 33. Rf3 Bc4 34. Rbc3 Rd1 35. Qxh4 Bg1+ 36. Kg3 Be2 37. Rxc7 Bxf3 38. Kxf3 Rf1+ 39. Ke2 Rf2+ 40. Ke1 Qf8 41. f5 Rxg2 42. Kf1 Rxa2 43. Qg4 Bb6 44. Rxb7 Qxb4 0-1